[Event "GER JU-S109 email"]
[Site "GER email"]
[Date "2013.09.30"]
[Round "?"]
[White "Buerkle, Florian"]
[Black "Eichner, Luca"]
[Result "1-0"]
[WhiteElo "1780"]
[BlackElo "1886"]
[PlyCount "125"]
[EventDate "2013.10.07"]
[EventType "tourn (corr)"]
[EventRounds "8"]
[EventCountry "GER"]
[SourceTitle "Corr 2015"]
[Source "ChessBase"]
[SourceDate "2015.07.17"]
[SourceVersion "1"]
[SourceVersionDate "2015.07.17"]
[SourceQuality "1"]

1. d4 d5 2. Nf3 Bf5 3. e3 e6 4. Bd3 Nf6 5. Bxf5 exf5 6. Qd3 Qc8 7. 0-0 Ne4 8. c4 dxc4 9. Qxc4 Bd6 10. Nh4 0-0 11. f3 Nf6 12. Nc3 c5 13. dxc5 g6 14. b4 a5 15. Nb5 Be7 16. Rd1 axb4 17. Bb2 Bxc5 18. Qf4 Nh5 19. Qe5 f6 20. Qd5+ Kh8 21. Nd4 Bxd4 22. exd4 Qc6 23. Qb3 Qb6 24. Kh1 Re8 25. Qf7 Nd7 26. Qxd7 Re2 27. Rab1 Kg8 28. Qd5+ Qe6 29. Qxb7 Re8 30. Qxb4 Nf4 31. Qb5 Qe3 32. Qc4+ Kg7 33. Bc3 Kh6 34. Rf1 Rc2 35. Qf7 Qe6 36. Qxe6 Rxe6 37. Bb4 Kh5 38. Rfe1 Kxh4 39. Rxe6 Nxe6 40. d5 Nc7 41. d6 Ne6 42. d7 Kg5 43. a3 Nd8 44. g3 Rc7 45. Rd1 Nf7 46. d8Q Nxd8 47. Rxd8 f4 48. Rd5+ f5 49. Bd2 Kf6 50. Bxf4 Ra7 51. Rd6+ Kf7 52. Rd3 Kf6 53. Kg2 Ke6 54. Kf2 Kf6 55. h4 Rb7 56. Ke3 Rb1 57. Kd4 h6 58. Bxh6 Ke6 59. Kc5 Ra1 60. Rd6+ Ke7 61. Ra6 Rg1 62. Ra7+ Kd8 63. Kd6 1-0

[Event "GER JU-S109 email"]
[Site "GER email"]
[Date "2013.09.30"]
[Round "?"]
[White "Hansch, Karsten"]
[Black "Buerkle, Florian"]
[Result "1/2-1/2"]
[WhiteElo "1820"]
[BlackElo "1780"]
[PlyCount "57"]
[EventDate "2013.10.07"]
[EventType "tourn (corr)"]
[EventRounds "8"]
[EventCountry "GER"]
[SourceTitle "Corr 2015"]
[Source "ChessBase"]
[SourceDate "2015.07.17"]
[SourceVersion "1"]
[SourceVersionDate "2015.07.17"]
[SourceQuality "1"]

1. c4 e5 2. g3 Nf6 3. Bg2 Bc5 4. Nc3 c6 5. e3 0-0 6. Nge2 d6 7. 0-0 Re8 8. d4 Bb6 9. b4 e4 10. Rb1 d5 11. c5 Bc7 12. b5 Bg4 13. Re1 b6 14. Ba3 bxc5 15. Bxc5 Ba5 16. Qc2 cxb5 17. Rec1 a6 18. a4 bxa4 19. Qxa4 Nbd7 20. Bf1 Bc7 21. Ba3 Nb6 22. Qc2 Nfd7 23. Ra1 Bb8 24. Bb4 Qf6 25. Ra5 Qe6 26. Qa2 Nf6 27. Rxa6 Rxa6 28. Qxa6 Bh3 29. Bg2 1/2-1/2

[Event "GER JU-S96 email"]
[Site "GER email"]
[Date "2011.11.28"]
[Round "?"]
[White "Buerkle, Florian"]
[Black "Fricke, Moritz"]
[Result "1-0"]
[WhiteElo "1444"]
[BlackElo "1813"]
[PlyCount "45"]
[EventDate "2011.12.06"]
[EventType "tourn (corr)"]
[EventRounds "8"]
[EventCountry "GER"]
[SourceTitle "Corr 2015"]
[Source "ChessBase"]
[SourceDate "2015.07.17"]
[SourceVersion "1"]
[SourceVersionDate "2015.07.17"]
[SourceQuality "1"]

1. e4 e5 2. Nf3 Nc6 3. Bc4 Nf6 4. Ng5 d5 5. exd5 Na5 6. Bb5+ c6 7. dxc6 bxc6 8. Bd3 Nd5 9. Nf3 Nf4 10. Bf1 Bd6 11. d4 Qe7 12. Bxf4 exf4+ 13. Be2 0-0 14. 0-0 Qf6 15. Nbd2 Qg6 16. Bd3 Qh5 17. c3 Be6 18. Qa4 Rab8 19. b4 Nb7 20. Qxa7 Bd5 21. a3 Rfe8 22. c4 Bxf3 23. Nxf3 1-0

[Event "GER JU-S96 email"]
[Site "GER email"]
[Date "2011.11.28"]
[Round "?"]
[White "Buerkle, Florian"]
[Black "Tiemann, Christoph"]
[Result "0-1"]
[WhiteElo "1444"]
[BlackElo "1984"]
[PlyCount "114"]
[EventDate "2011.12.06"]
[EventType "tourn (corr)"]
[EventRounds "8"]
[EventCountry "GER"]
[SourceTitle "Corr 2015"]
[Source "ChessBase"]
[SourceDate "2015.07.17"]
[SourceVersion "1"]
[SourceVersionDate "2015.07.17"]
[SourceQuality "1"]

1. e4 c5 2. Nf3 d6 3. d4 cxd4 4. Bb5+ Nd7 5. Qxd4 a6 6. Bd3 e5 7. Qe3 Ngf6 8. Nc3 Be7 9. a4 0-0 10. 0-0 Nc5 11. a5 Nxd3 12. Qxd3 Be6 13. Bg5 Ng4 14. Bxe7 Qxe7 15. Rfd1 Rad8 16. Rd2 h6 17. h3 Nf6 18. Qe3 Rc8 19. Ne1 Rc4 20. Rad1 Rc6 21. Nd3 Qc7 22. Ra1 Rd8 23. Ra3 Rc4 24. Re2 Rd4 25. f4 Bc4 26. Rf2 Bxd3 27. cxd3 Rb4 28. Qd2 Qc5 29. Na2 Rd4 30. b4 Qb5 31. Qc3 Ne8 32. Qb3 exf4 33. Qc3 Qe5 34. Nc1 d5 35. Ne2 dxe4 36. Nxd4 e3 37. Re2 Rxd4 38. Rc2 Nd6 39. Ra1 Kh7 40. Qb2 f3 41. gxf3 Nf5 42. f4 Qd6 43. Rf1 Nh4 44. Qb1 Rxb4 45. Qd1 f5 46. Kh1 Rxf4 47. Rxf4 Qxf4 48. Rc4 Qf2 49. Rc2 Qg3 50. Qf1 f4 51. d4 Qg6 52. Rf2 exf2 53. Qxf2 Qe4+ 54. Kg1 Nf3+ 55. Kh1 Nxd4+ 56. Kg1 Ne2+ 57. Kh2 f3 0-1

[Event "GER JU-S96 email"]
[Site "GER email"]
[Date "2011.11.28"]
[Round "?"]
[White "Fricke, Moritz"]
[Black "Buerkle, Florian"]
[Result "0-1"]
[WhiteElo "1813"]
[BlackElo "1444"]
[PlyCount "49"]
[EventDate "2011.12.06"]
[EventType "tourn (corr)"]
[EventRounds "8"]
[EventCountry "GER"]
[SourceTitle "Corr 2015"]
[Source "ChessBase"]
[SourceDate "2015.07.17"]
[SourceVersion "1"]
[SourceVersionDate "2015.07.17"]
[SourceQuality "1"]

1. e4 c5 2. Nf3 Nc6 3. d4 cxd4 4. Nxd4 d5 5. Nxc6 bxc6 6. exd5 Qxd5 7. Qxd5 cxd5 8. Nc3 Bb7 9. Bb5+ Kd8 10. 0-0 a6 11. Bd3 e5 12. Rd1 Kc7 13. Bd2 Nf6 14. Bg5 Nd7 15. Rd2 Nc5 16. Re1 d4 17. Ne4 Bxe4 18. Bxe4 Rb8 19. b3 Ne6 20. Bh4 Bb4 21. c3 Bxc3 22. Rc1 Nc5 23. Rdc2 Nxe4 24. Re1 d3 25. Rxe4 0-1

[Event "GER JU-S96 email"]
[Site "GER email"]
[Date "2011.11.28"]
[Round "?"]
[White "Tiemann, Christoph"]
[Black "Buerkle, Florian"]
[Result "1-0"]
[WhiteElo "1984"]
[BlackElo "1444"]
[PlyCount "111"]
[EventDate "2011.12.06"]
[EventType "tourn (corr)"]
[EventRounds "8"]
[EventCountry "GER"]
[SourceTitle "Corr 2015"]
[Source "ChessBase"]
[SourceDate "2015.07.17"]
[SourceVersion "1"]
[SourceVersionDate "2015.07.17"]
[SourceQuality "1"]

1. c4 e5 2. g3 Nf6 3. Bg2 Bc5 4. Nc3 c6 5. e3 0-0 6. Nge2 d6 7. 0-0 Re8 8. d4 Bb6 9. h3 Na6 10. b3 e4 11. Bb2 d5 12. a3 Bc7 13. Nf4 Bxf4 14. exf4 Be6 15. c5 b6 16. cxb6 axb6 17. g4 Nc7 18. f5 Bc8 19. Qd2 Ba6 20. Rfe1 h6 21. a4 Rc8 22. Ba3 Nh7 23. Rac1 Qf6 24. Ne2 Bxe2 25. Rxe2 Ng5 26. Re3 h5 27. Qd1 hxg4 28. Qxg4 Na6 29. Rg3 Nh7 30. Rc2 Nb8 31. f3 e3 32. Bf1 Kh8 33. Rcg2 Rg8 34. Qh5 Nd7 35. Rg4 Ndf8 36. Rh4 g5 37. fxg6 fxg6 38. Qh6 Rc7 39. Bd3 Ne6 40. Bxg6 Rgg7 41. Bxh7 Rxg2+ 42. Kxg2 Qxh6 43. Rxh6 Nf4+ 44. Kf1 Rxh7 45. Rxh7+ Kxh7 46. b4 Ne6 47. a5 Nxd4 48. axb6 e2+ 49. Ke1 Nxf3+ 50. Kxe2 Ne5 51. b7 Nd7 52. Kd3 Kg7 53. Kd4 Kf7 54. b5 cxb5 55. Kxd5 Nb8 56. Kc5 1-0

[Event "GER JU-S88 email"]
[Site "GER email"]
[Date "2010.11.08"]
[Round "?"]
[White "Buerkle, Florian"]
[Black "Fricke, Moritz"]
[Result "0-1"]
[WhiteElo "1444"]
[BlackElo "1813"]
[PlyCount "71"]
[EventDate "2010.11.16"]
[EventType "tourn (corr)"]
[EventRounds "8"]
[EventCountry "GER"]
[SourceTitle "Corr 2015"]
[Source "ChessBase"]
[SourceDate "2015.07.17"]
[SourceVersion "1"]
[SourceVersionDate "2015.07.17"]
[SourceQuality "1"]

1. e4 c5 2. Nf3 Nc6 3. Bc4 e6 4. Nc3 Nf6 5. 0-0 d5 6. exd5 exd5 7. Bb5 d4 8. Ne2 Bd6 9. d3 0-0 10. h3 Bd7 11. Bf4 Bxf4 12. Nxf4 Qb6 13. a4 a6 14. Bxc6 Bxc6 15. c3 Qxb2 16. cxd4 Bxf3 17. Qxf3 Qxd4 18. Ne2 Qd5 19. Qxd5 Nxd5 20. d4 c4 21. Rac1 b5 22. axb5 axb5 23. Rb1 b4 24. Rfc1 Ra2 25. Ng3 c3 26. Rb3 Rfa8 27. Nf1 Ra1 28. Rc2 Rd1 29. g3 Ra3 30. Rxa3 bxa3 31. Kg2 f5 32. Ra2 Kf7 33. Kf3 Rxf1 34. Ke2 Rb1 35. Kd3 Nb4+ 36. Kxc3 0-1

[Event "GER JU-S88 email"]
[Site "GER email"]
[Date "2010.11.08"]
[Round "?"]
[White "Fricke, Moritz"]
[Black "Buerkle, Florian"]
[Result "1-0"]
[WhiteElo "1813"]
[BlackElo "1444"]
[PlyCount "21"]
[EventDate "2010.11.16"]
[EventType "tourn (corr)"]
[EventRounds "8"]
[EventCountry "GER"]
[SourceTitle "Corr 2015"]
[Source "ChessBase"]
[SourceDate "2015.07.17"]
[SourceVersion "1"]
[SourceVersionDate "2015.07.17"]
[SourceQuality "1"]

1. e4 e5 2. Nf3 Nc6 3. Bb5 f6 4. d4 a6 5. Bc4 Nh6 6. dxe5 fxe5 7. Bg5 Be7 8. Bxh6 gxh6 9. Nfd2 b5 10. Qh5+ Kf8 11. Qf7# 1-0

[Event "GER JU-S88 email"]
[Site "GER email"]
[Date "2010.11.08"]
[Round "?"]
[White "Hansch, Stephan"]
[Black "Buerkle, Florian"]
[Result "1-0"]
[WhiteElo "2085"]
[BlackElo "1444"]
[PlyCount "39"]
[EventDate "2010.11.16"]
[EventType "tourn (corr)"]
[EventRounds "8"]
[EventCountry "GER"]
[SourceTitle "Corr 2015"]
[Source "ChessBase"]
[SourceDate "2015.07.17"]
[SourceVersion "1"]
[SourceVersionDate "2015.07.17"]
[SourceQuality "1"]

1. d4 d5 2. Nf3 Nc6 3. c4 dxc4 4. d5 Nb4 5. Qa4+ c6 6. Qxb4 Nf6 7. dxc6 bxc6 8. Qxc4 Bd7 9. Nc3 Be6 10. Qxc6+ Bd7 11. Qb7 Rb8 12. Qxa7 e6 13. e4 Qc8 14. Ba6 Qc6 15. Qxb8+ Ke7 16. Be3 Nxe4 17. Nxe4 Qxe4 18. Rd1 Kf6 19. Qd8+ Kg6 20. Qg5# 1-0

[Event "GER JU-S82 email"]
[Site "GER email"]
[Date "2009.12.26"]
[Round "?"]
[White "Buerkle, Florian"]
[Black "Fricke, Moritz"]
[Result "0-1"]
[WhiteElo "1509"]
[BlackElo "1813"]
[PlyCount "88"]
[EventDate "2010.01.04"]
[EventType "tourn (corr)"]
[EventRounds "8"]
[EventCountry "GER"]
[SourceTitle "Corr 2015"]
[Source "ChessBase"]
[SourceDate "2015.07.17"]
[SourceVersion "1"]
[SourceVersionDate "2015.07.17"]
[SourceQuality "1"]

1. e4 e5 2. Nf3 Nc6 3. Bc4 Nf6 4. Nc3 Nxe4 5. Nxe4 d5 6. Bxd5 Qxd5 7. Nc3 Qa5 8. 0-0 Bb4 9. a3 0-0 10. d4 Bg4 11. h3 Bxf3 12. Qxf3 Nxd4 13. Qd3 Bxc3 14. bxc3 Nb5 15. Bd2 Rfd8 16. c4 Qa4 17. Qe3 Qxc4 18. a4 Nd4 19. Qxe5 Ne2+ 20. Kh2 Rxd2 21. Rae1 Rxc2 22. Qe7 a5 23. Rd1 h6 24. Qe3 Qxa4 25. Ra1 Qd4 26. Qxd4 Nxd4 27. Rad1 c5 28. Rfe1 b5 29. Re5 a4 30. Rd5 a3 31. Re5 a2 32. Ree1 b4 33. h4 b3 34. f4 b2 35. Kh1 a1Q 36. h5 Rc1 37. Rxc1 bxc1Q 38. Rxc1 Qxc1+ 39. Kh2 Qxf4+ 40. g3 Ra2+ 41. Kh3 Ra3 42. Kg2 Qxg3+ 43. Kf1 Qh2 44. Ke1 Ra1# 0-1

[Event "GER JU-S82 email"]
[Site "GER email"]
[Date "2009.12.26"]
[Round "?"]
[White "Fricke, Moritz"]
[Black "Buerkle, Florian"]
[Result "1-0"]
[WhiteElo "1813"]
[BlackElo "1509"]
[PlyCount "27"]
[EventDate "2010.01.04"]
[EventType "tourn (corr)"]
[EventRounds "8"]
[EventCountry "GER"]
[SourceTitle "Corr 2015"]
[Source "ChessBase"]
[SourceDate "2015.07.17"]
[SourceVersion "1"]
[SourceVersionDate "2015.07.17"]
[SourceQuality "1"]

1. e4 e5 2. Nf3 Nc6 3. Bc4 Nf6 4. d4 exd4 5. 0-0 Bc5 6. e5 Ne4 7. Re1 f5 8. exf6 Qxf6 9. Rxe4+ Kd8 10. Bg5 Qxg5 11. Nxg5 Rf8 12. Qh5 d3 13. Qe8+ Rxe8 14. Nf7# 1-0